Technology, manpower, and retrement policy (Record no. 369736)

000 -LEADER
fixed length control field 00381cam a22001337a 4500
008 - FIXED-LENGTH DATA ELEMENTS--GENERAL INFORMATION
fixed length control field 180718b1966 xxu||||| |||| 00| 0 eng d
082 ## - DEWEY DECIMAL CLASSIFICATION NUMBER
Classification number R143 K883
245 ## - TITLE STATEMENT
Title Technology, manpower, and retrement policy
Statement of responsibility, etc. edited by Juanita M. Kreps
260 ## - PUBLICATION, DISTRIBUTION, ETC.
Place of publication, distribution, etc. Cleveland
Name of publisher, distributor, etc. World
Date of publication, distribution, etc. 1966
300 ## - PHYSICAL DESCRIPTION
Extent 197p.
650 ## - SUBJECT ADDED ENTRY--TOPICAL TERM
Topical term or geographic name entry element Retirement
650 ## - SUBJECT ADDED ENTRY--TOPICAL TERM
Topical term or geographic name entry element Science - Personnel
700 ## - ADDED ENTRY--PERSONAL NAME
Personal name Kreps, Juanita M.,
Holdings
Withdrawn status Lost status Damaged status Not for loan Permanent Location Current Location Date acquired Full call number Barcode Date last seen Price effective from Koha item type
        Indian Institute of Public Administration Indian Institute of Public Administration 1994-06-02 R143 K883 42283 2018-07-21 2018-07-21 Book

Powered by Koha